000 00567nam a2200217Ia 4500
003 OSt
005 20250304155913.0
008 210210b1972 xxu||||| |||| 00| 0 eng d
040 _cAL
041 _ahin
082 _aH891.4 GIRK
100 _aGIRI (V V)
_9203860
110 _bगिरी वि वि
_9203863
245 _aKarod ko rajgar:
_b करोड़ को राजगर
260 _aNayi Dilli
_bStar Publications
_c1972
300 _a136
650 _aRojgar
_9203861
690 _aHindi Prose
_9203862
906 _a030782
942 _2ddc
_cBK
999 _c81950
_d81950